000 00742nam a2200253 i 4500
001 C2-0315328
003 PPAK
005 20180728111109.0
008 120604s2012 my |||| ||||| | may d
020 _a9789835957840
040 _aPPAK
_beng
_cPPAK
_erda
082 0 4 _a297.5
_223
090 0 0 _a297.5
_bTAS
_dR
245 0 0 _aTasawwur Islam SPM
264 1 _aPetaling Jaya, Selangor :
_bSasbadi ,
_c2012
300 _av, 98 pages ;
_c26 cm
336 _2rdacontent
_atext
337 _2rdamedia
_aunmediated
338 _2rdacarrier
_avolume
490 1 _aKertas soalan peperiksaan tahun-tahun lepas 2005-2011
650 1 0 _aIslamic religious life
830 0 _aKertas soalan peperiksaan tahun-tahun lepas 2005-2011
942 _ddc
_cB
999 _c116583
_d116583